00553pam a2200181 a 4500001000800000005001700008008004100025010001700066020003600083040001800119041000800137080001600145082002000161100000700181101000800188245010900196504006600305488964220180309080114.0931026s1994 njua b 001 0 eng  a 93038962  a0805814841 (c : acidfree paper) aDLCcDLCdDLC aeng a305.231 STE00a305.231 STE2201 a50 aSOC10aChildren at home and in day care /cK. Alison Clarke-Stewart, Christian P. Gruber, Linda May Fitzgerald. aIncludes bibliographical references (p. 256-270) and indexes.